Loading...
| Fine Arts - Classical Music | 0 | 9 | 0 | 2 | 90 | 48 | 95.44 | 3 | 8 | 0.00 | 0.00 |
| Literature - American | 0 | 7 | 0 | 0 | 70 | 96 | 112.86 | 0 | 3 | 0.00 | 0.00 |
| Social Science | 0 | 8 | 2 | 0 | 70 | 28 | 78.00 | 6 | 7 | 0.00 | 0.00 |
| History - Other | 0 | 7 | 1 | 1 | 65 | 65 | 103.14 | 1 | 4 | 0.00 | 0.00 |
| Fine Arts - Other | 0 | 7 | 1 | 0 | 65 | 47 | 79.71 | 5 | 7 | 0.00 | 0.00 |
| Religion | 0 | 7 | 2 | 1 | 60 | 44 | 100.71 | 4 | 5 | 0.00 | 0.00 |
| Philosophy | 0 | 5 | 0 | 0 | 50 | 48 | 80.20 | 2 | 5 | 0.00 | 0.00 |
| Mythology | 0 | 5 | 1 | 1 | 45 | 14 | 105.80 | 2 | 2 | 0.00 | 0.00 |
| Science - Other | 0 | 5 | 1 | 1 | 45 | 88 | 119.40 | 2 | 3 | 0.00 | 0.00 |
| Literature - European | 0 | 5 | 2 | 0 | 40 | 27 | 78.20 | 2 | 3 | 0.00 | 0.00 |
| Fine Arts - Painting and Sculpture | 0 | 5 | 2 | 0 | 40 | 50 | 87.60 | 1 | 4 | 0.00 | 0.00 |
| History - European | 0 | 4 | 1 | 1 | 35 | 56 | 88.00 | 3 | 3 | 0.00 | 0.00 |
| History - American | 0 | 5 | 3 | 0 | 35 | 44 | 84.60 | 2 | 4 | 0.00 | 0.00 |
| Literature - British | 0 | 4 | 2 | 0 | 30 | 70 | 102.00 | 1 | 2 | 0.00 | 0.00 |
| Other Academic | 0 | 3 | 0 | 0 | 30 | 57 | 90.67 | 1 | 3 | 0.00 | 0.00 |
| History - World | 0 | 5 | 4 | 1 | 30 | 72 | 105.40 | 0 | 4 | 0.00 | 0.00 |
| Science - Physics | 0 | 3 | 0 | 0 | 30 | 103 | 110.00 | 0 | 2 | 0.00 | 0.00 |
| Current Events | 0 | 2 | 0 | 0 | 20 | 66 | 86.50 | 0 | 0 | 0.00 | 0.00 |
| Literature - World | 0 | 3 | 2 | 1 | 20 | 103 | 119.33 | 0 | 1 | 0.00 | 0.00 |
| Pop Culture | 0 | 1 | 0 | 0 | 10 | 90 | 90.00 | 0 | 0 | 0.00 | 0.00 |
| Geography | 0 | 1 | 0 | 0 | 10 | 93 | 93.00 | 0 | 1 | 0.00 | 0.00 |
| Science - Chemistry | 0 | 1 | 1 | 0 | 5 | 86 | 86.00 | 0 | 1 | 0.00 | 0.00 |
| Science - Biology | 0 | 1 | 1 | 0 | 5 | 99 | 99.00 | 0 | 1 | 0.00 | 0.00 |